Départements qui ont le moins de communes - Statistiques

Statistiques générales
  • Ce quiz a été pris 246 fois
  • Le résultat moyen est 11 sur 15
Statistiques - réponses
Nombre de communes Département % Correct
1 Paris
98%
32 Guadeloupe
88%
34 Martinique
88%
24 La Réunion
87%
17 Mayotte
87%
101 Territoire de Belfort
86%
22 Guyane
85%
40 Seine-Saint-Denis
82%
47 Val-de-Marne
81%
36 Hauts-de-Seine
79%
124 Corse-du-Sud
68%
152 Lozère
51%
151 Vaucluse
48%
153 Var
47%
119 Bouches-du-Rhône
45%
Aucun quiz correspondant
Distribution des résultats
% des personnes avec chaque résultat
Percentile par nombre de réponses
Votre historique - résultats
Vous n’avez pas pris ce quiz